000 00876nam a2200277Ia 4500
003 OSt
005 20221005050049.0
006 a|||||r|||| 00| 0
007 ta
008 221004b |||||||| |||| 00| 0 eng d
020 _a9788192611426 (hbk)
_cINR 1000.00
024 _a33054
037 _b2875, 02/03/2017, Govinda Book House
_cTextual
040 _aCRL
_cCRL
_beng
041 _2eng
_aeng
082 _aR4(Q2), Q6
100 _aSanyal Indrani Au.
_939604
245 0 _aThrought the lens of dharma-ethics
260 _aKolkata
_bSuryodaya Books India
_c2016
300 _axii,315p.
_ccm.
490 _aCentre of advanced study in philosophy Jadavpur University
650 _a HINDUISM
650 _aHINDU ETHICS
_9594249
942 _hR4(Q2), Q6
_cTEXL
_2cc
999 _c956248
_d956248